00760 a2200193 45000010006000000050017000060080041000230030015000640400040000790800035001192450038001540200022001922640076002143000019002905050111003090410008004201000075004287000063005036246920260407155917.0260407a1978 arg spa dAR-UNSa-BCEJYS aAR-UNSa-BCEJYSbspacAR-UNSa-BCEJYS a35xAdministración Pública10aJornadas administrativas del INAP a978-84-7351-136-0 1aMadrid :bInstituto Nacional de Administración Pública (INAP)c1978 a212 p.c21 cm. a1. En torno a una posible reforma de la vigente legislación de los funcionarios civiles del estado - 2.  aspa1 aJornadas Administrativas del INAP (1º : 1978 ene. : Madrid, España)1 aInstituto Nacional de la Administración Pública (INAP)